Logo BPK

Biblioteka

Politechniki Koszalińskiej

Czynniki określające wzajemne ułożenie elementów strukturalnych w kryształach organicznych / (Rekord nr 16215)

Szczegóły MARC
000 -ETYKIETA REKORDU
podpole kontrolne o stałej długości 00404nam a2200145 i 4500
001 - NUMER KONTROLNY REKORDU
pole kontrolne bg
040 ## - ŹRÓDŁO KATALOGOWANIA
Instytucja, która utworzyła rekord BPK
041 ## - KOD JĘZYKA
Kod języka tekstu pol
080 ## - UNIWERSALNA KLASYFIKACJA DZIESIĘTNA - UKD
UKD 547:548
008 - POLE O STAŁEJ DŁUGOŚCI - DANE KONTROLNE
podpole kontrolne o stałej długości s pl f |000 0 pol
100 1# - NAZWA OSOBOWA
Nazwa osobowa BOROWIAK, Teresa
245 #0 - TYTUŁ/ODPOWIEDZIALNOŚĆ
Tytuł Czynniki określające wzajemne ułożenie elementów strukturalnych w kryształach organicznych /
Pozostałe elementy strefy tytułu i oznaczenia odpowiedzialności Teresa Borowiak.
260 ## - STREFA ADRESU WYDAWNICZEGO
Miejsce wydania Poznań,
Data publikacji, dystrybucji/powstania dokumentu 1975.
856 ## - LOKALIZACJA I DOSTĘP DO ELEKTRONICZNYCH DOKUMENTÓW ZDALNYCH
Link (URL) http://koha.tu.koszalin.pl/cgi-bin/koha/opac-detail.pl?biblionumber=16215
Tekst linku Katalog online BPK
942 ## - DODATKOWE ELEMENTY (KOHA)
Typ dokumentu Książka
Egzemplarze
Wycofany Status egzemplarza Uszkodzony Dostępność Lokalizacja stała Lokalizacja bieżąca Miejsce przechowywania Sygnatura Kod kreskowy Typ dokumentu
      Dostępny Biblioteka Politechniki Koszalińskiej Biblioteka Politechniki Koszalińskiej Wypożyczalnia BG 19789 01707601 Książka
© 2023 Biblioteka Politechniki Koszalińskiej :: KOHA